01460nam a22002657a 450000500170000000800410001702000180005804000070007604100080008308200200009110000310011124500250014226000380016730000290020536500440023444000280027852005660030665000380087265000290091065000240093970000300096394200120099399900190100595201700102420251208095215.0220906b ||||| |||| 00| 0 eng d a9789386296979 cAL aeng 223a820.9bBORV aPradipta Borgohain9248186 aVictorian literature aHyderabadbOrient Blackswanc2017 aviii,235p.bPBc21x14cm. 2Englisha3496b253.50c₹d325.00e22% aLiteray contexts956805 aThis book presents the contexts that generated Victorian literature as we know it: religious dilemmas, new discoveries in science, the advent of industrialisation and the emergence of a new class, growing awareness of women’s rights, and the spread of education. The reign of Queen Victoria was a time of change like it never was before. This book looks at those precincts of change which led to the growth of a new literary creativity encompassing and taking into account the religious, scientific and industrial challenges of the times. 236 pages, Paperback aEnglish Literature History956800 aVictorian England956801 aMercantilism956802 aNayar, Pramod K Ed956806 2ddccBK c224528d224528 00102ddc40708ENGaALbALd2022-08-11eBiblios Book Point, Surathkal, Mangalore-575014g253.50l0o820.9 BORVp075998r2022-09-06 00:00:00v325.00w2022-09-06yBK